Euskadi: Basque Country
Uloženo v:
| Hlavní autor: | |
|---|---|
| Médium: | Kniha |
| Jazyk: | baskičtina španělština angličtina |
| Vydáno: |
San Sebastián
Servicio Central de Publicaciones del Gobierno Vasco
2012
|
| Vydání: | 1a. ed |
| Témata: | |
| Tagy: |
Přidat tag
Žádné tagy, Buďte první, kdo vytvoří štítek k tomuto záznamu!
|
MARC
| LEADER | 00000cam a2200000 a 4500 | ||
|---|---|---|---|
| 001 | UCF4735 | ||
| 003 | CL-VaPUC | ||
| 008 | 121220e20120700SP |||||||||||||||||baq|d | ||
| 020 | |a 9788445732434 | ||
| 041 | 0 | 7 | |a baq |2 CL-VaPUC |
| 041 | 0 | 7 | |a spa |2 CL-VaPUC |
| 041 | 0 | 7 | |a eng |2 CL-VaPUC |
| 082 | 0 | 4 | |a 914 |b MON |2 21 |
| 100 | |a Montero García, Manuel |e autor |9 566292 | ||
| 245 | 1 | 0 | |a Euskadi: Basque Country |
| 250 | |a 1a. ed | ||
| 300 | |a 221 p | ||
| 942 | |c BK | ||
| 945 | |d 20121220 00:00:00 |a dcastane | ||
| 260 | |a San Sebastián |b Servicio Central de Publicaciones del Gobierno Vasco |c 2012 | ||
| 650 | 0 | |a Población |9 257577 | |
| 650 | 0 | |a Lenguaje y lenguas |9 265846 | |
| 650 | 0 | |a Cultura |9 269059 | |
| 650 | 7 | |a FOLKLORE |2 CL-VaPUC |9 268291 | |
| 650 | 0 | |a Música |9 306269 | |
| 651 | 7 | |a PAIS VASCO |2 CL-VaPUC |9 443394 | |
| 583 | |a last modification |c 20121220 10:25:00 |k Rodrigo Vera | ||
| 999 | |c 350440 |d 350438 | ||
| 952 | |0 0 |1 0 |4 0 |6 914_000000000000000_MON_2012 |7 0 |8 A |9 453764 |a BIBHIS |b BIBHIS |d 2019-11-22 |i 4934636 |o 914 MON 2012 |p 4934636 |r 2025-01-20 |w 2019-11-22 |y BK |k HIS | ||